[Event "Bargteheide op"]
[Site "Bargteheide"]
[Date "2013.05.10"]
[Round "4"]
[White "Freckmann, Mark"]
[Black "Rogozenco, Dorian"]
[Result "0-1"]
[WhiteElo "2234"]
[BlackElo "2507"]
[PlyCount "54"]
[EventDate "2013.05.09"]
[EventType "swiss"]
[EventRounds "7"]
[EventCountry "GER"]
[SourceTitle "CBM 154 Extra"]
[Source "ChessBase"]
[SourceDate "2013.06.25"]
[SourceVersion "2"]
[SourceVersionDate "2013.06.25"]
[SourceQuality "1"]

1. c4 Nf6 2. g3 d5 3. Bg2 e6 4. Nf3 dxc4 5. Na3 Bxa3 6. bxa3 0-0 7. Qc2 b5 8. Ng5 c6 9. Bb2 Re8 10. Rb1 h6 11. Bxf6 Qxf6 12. Qh7+ Kf8 13. Ne4 Qd4 14. Nc3 a6 15. e3 Qf6 16. h4 e5 17. Ne4 Qg6 18. Qxg6 fxg6 19. Nd6 Rd8 20. Nxc8 Rxc8 21. Be4 Nd7 22. Bxg6 Nc5 23. g4 Rd8 24. g5 Rd6 25. Bc2 Rad8 26. Rd1 Nd3+ 27. Bxd3 Rxd3 0-1

[Event "Bargteheide op"]
[Site "Bargteheide"]
[Date "2013.05.10"]
[Round "3"]
[White "Kuhn, Gerd"]
[Black "Freckmann, Mark"]
[Result "0-1"]
[WhiteElo "2138"]
[BlackElo "2234"]
[PlyCount "86"]
[EventDate "2013.05.09"]
[EventType "swiss"]
[EventRounds "7"]
[EventCountry "GER"]
[SourceTitle "CBM 154 Extra"]
[Source "ChessBase"]
[SourceDate "2013.06.25"]
[SourceVersion "2"]
[SourceVersionDate "2013.06.25"]
[SourceQuality "1"]

1. d4 d5 2. Nf3 c6 3. c4 e6 4. Nc3 dxc4 5. e3 b5 6. a4 Bb4 7. Bd2 a5 8. axb5 Bxc3 9. Bxc3 cxb5 10. b3 Bb7 11. bxc4 b4 12. Bb2 Nf6 13. Nd2 Nbd7 14. f3 Qc7 15. Bd3 0-0 16. 0-0 Bc6 17. Bc2 Rfd8 18. Re1 e5 19. d5 Bb7 20. Qb1 Nb6 21. Bd3 h6 22. f4 Nfd7 23. Qd1 f6 24. Qg4 Nc5 25. Bc2 b3 26. Nxb3 Nxc4 27. Nxc5 Qxc5 28. Qe6+ Kf8 29. Be4 Bxd5 30. Bxd5 Qxd5 31. Ba3+ Nxa3 32. Qxd5 Rxd5 33. Rxa3 a4 34. Rea1 exf4 35. exf4 Rd4 36. g3 Kf7 37. Kg2 Ra7 38. Kf3 Ke6 39. Re1+ Kd5 40. Rea1 Kc5 41. Ke3 Re7+ 42. Kf3 Kb5 43. Rb1+ Rb4 0-1

[Event "Bargteheide op"]
[Site "Bargteheide"]
[Date "2011.06.05"]
[Round "7"]
[White "Kuegel, Tobias"]
[Black "Freckmann, Mark"]
[Result "0-1"]
[WhiteElo "2024"]
[BlackElo "2229"]
[PlyCount "72"]
[EventDate "2011.06.02"]
[EventType "swiss"]
[EventRounds "7"]
[EventCountry "GER"]
[SourceTitle "CBM 142 Extra"]
[Source "ChessBase"]
[SourceDate "2011.06.27"]
[SourceVersion "1"]
[SourceVersionDate "2011.06.27"]
[SourceQuality "1"]

1. e4 e6 2. d4 d5 3. exd5 exd5 4. Bd3 Nc6 5. c3 Nge7 6. Bf4 Bf5 7. Nf3 Bxd3 8. Qxd3 Qd7 9. Nbd2 0-0-0 10. 0-0-0 f6 11. Rhe1 g5 12. Bg3 Nf5 13. Ng1 h5 14. h3 Bh6 15. Re2 Rdg8 16. Rde1 h4 17. Bh2 Nce7 18. Kc2 g4 19. hxg4 Rxg4 20. f3 Rg7 21. Nb3 b6 22. Qa6+ Kb8 23. a4 Ne3+ 24. Rxe3 Bxe3 25. Rxe3 Rxg2+ 26. Re2 Rhg8 27. a5 Qf5+ 28. Kd2 Rxh2 29. axb6 axb6 30. Nc5 Rxe2+ 31. Nxe2 bxc5 32. Qb5+ Kc8 33. Qa6+ Kd7 34. Qa4+ Nc6 35. dxc5 Rg2 36. Qxh4 Qg5+ 0-1

[Event "Bargteheide op"]
[Site "Bargteheide"]
[Date "2010.05.15"]
[Round "5"]
[White "Schwarzkopf, Christian"]
[Black "Freckmann, Mark"]
[Result "1/2-1/2"]
[WhiteElo "2184"]
[BlackElo "2238"]
[PlyCount "21"]
[EventDate "2010.05.13"]
[EventType "swiss"]
[EventRounds "7"]
[EventCountry "GER"]
[SourceTitle "CBM 136 Extra"]
[Source "ChessBase"]
[SourceDate "2010.07.02"]
[SourceVersion "2"]
[SourceVersionDate "2010.07.15"]
[SourceQuality "1"]

1. e4 e6 2. d4 d5 3. exd5 exd5 4. Bd3 Ne7 5. Ne2 Nbc6 6. Bf4 Bf5 7. Nbc3 a6 8. a3 Bxd3 9. Qxd3 Qd7 10. 0-0 0-0-0 11. b4 1/2-1/2

[Event "Bargteheide op"]
[Site "Bargteheide"]
[Date "2007.05.19"]
[Round "5"]
[White "Salzberg, Gregor"]
[Black "Freckmann, Mark"]
[Result "1/2-1/2"]
[WhiteElo "2123"]
[BlackElo "2297"]
[PlyCount "71"]
[EventDate "2007.05.17"]
[EventType "swiss"]
[EventRounds "7"]
[EventCountry "GER"]
[SourceTitle "EXT 2010"]
[Source "ChessBase"]
[SourceDate "2010.11.25"]
[SourceVersion "1"]
[SourceVersionDate "2010.11.25"]
[SourceQuality "1"]

1. d4 d5 2. Bf4 c6 3. c3 Bf5 4. e3 Nd7 5. Nf3 Qb6 6. b3 e6 7. Bd3 Ngf6 8. 0-0 Be7 9. h3 0-0 10. Ne5 Bxd3 11. Nxd7 Nxd7 12. Qxd3 c5 13. Nd2 Rac8 14. Nf3 cxd4 15. cxd4 Qa6 16. Qxa6 bxa6 17. Rfc1 Ba3 18. Rxc8 Rxc8 19. Ne1 f6 20. Rd1 Kf7 21. Bg3 Ke8 22. Kf1 Nb6 23. Rd2 Bb4 24. Rc2 Bxe1 25. Rxc8+ Nxc8 26. Kxe1 Kd7 27. Kd2 Kc6 28. a4 Ne7 29. f3 Kb6 30. Kd3 Nc6 31. Bd6 a5 32. Kc3 a6 33. g4 Kb7 34. e4 g6 35. Bf8 Kc8 36. Kd3 1/2-1/2

[Event "Bargteheide op"]
[Site "Bargteheide"]
[Date "2007.05.18"]
[Round "4"]
[White "Freckmann, Mark"]
[Black "Budzyn, Matthias"]
[Result "1-0"]
[WhiteElo "2297"]
[BlackElo "2126"]
[PlyCount "91"]
[EventDate "2007.05.17"]
[EventType "swiss"]
[EventRounds "7"]
[EventCountry "GER"]
[SourceTitle "EXT 2010"]
[Source "ChessBase"]
[SourceDate "2010.11.25"]
[SourceVersion "1"]
[SourceVersionDate "2010.11.25"]
[SourceQuality "1"]

1. e4 e5 2. Bb5 Nf6 3. d3 a6 4. Ba4 Nc6 5. f4 b5 6. Bb3 d6 7. c3 Be7 8. Nf3 0-0 9. 0-0 Bb7 10. a4 Rb8 11. axb5 axb5 12. Na3 b4 13. Nc4 exf4 14. Bxf4 bxc3 15. bxc3 d5 16. exd5 Nxd5 17. Bd2 Bf6 18. d4 Nce7 19. Ra5 Nc6 20. Ra4 Ra8 21. Rxa8 Bxa8 22. Nce5 Nxe5 23. Nxe5 Bxe5 24. dxe5 Qe7 25. Qe1 c5 26. Qg3 Re8 27. Ba4 Rd8 28. Bg5 Nxc3 29. Bxe7 Ne2+ 30. Kf2 Nxg3 31. Bxd8 Nxf1 32. Kxf1 c4 33. Bc2 Kf8 34. g3 Ke8 35. Bg5 h6 36. Ba4+ Kf8 37. Bd8 Be4 38. Ke2 c3 39. Ba5 Ke7 40. Bxc3 f6 41. exf6+ gxf6 42. Bb3 h5 43. Ke3 Bb1 44. Bb4+ Kd7 45. Bf7 h4 46. gxh4 1-0

[Event "BL2-West 0102"]
[Site "Germany"]
[Date "2002.04.14"]
[Round "8.5"]
[White "Drollinger, Dennis"]
[Black "Freckmann, Mark"]
[Result "1-0"]
[WhiteElo "2290"]
[BlackElo "2313"]
[PlyCount "103"]
[EventDate "2001.10.07"]
[EventType "team-tourn"]
[EventRounds "9"]
[EventCountry "GER"]
[SourceTitle "CBM 088 Extra"]
[Source "ChessBase"]
[SourceDate "2002.07.01"]
[SourceVersion "2"]
[SourceVersionDate "2002.07.01"]
[SourceQuality "1"]
[WhiteTeam "St Ingbert"]
[BlackTeam "Essen Borbeck"]
[WhiteTeamCountry "GER"]
[BlackTeamCountry "GER"]

1. e4 e6 2. d4 d5 3. Nd2 Nf6 4. e5 Nfd7 5. Bd3 c5 6. c3 Nc6 7. Ne2 cxd4 8. cxd4 Nb6 9. 0-0 Bd7 10. Nf3 h6 11. Nf4 a5 12. b3 Nb4 13. Be2 a4 14. Bd2 Bc6 15. Nh5 Na6 16. Bd3 Nc7 17. Re1 Qd7 18. Rc1 Nb5 19. Rb1 a3 20. Rc1 Na7 21. Ba5 Nac8 22. Qd2 Rg8 23. Rc2 Bb5 24. Bxb6 Nxb6 25. Rec1 Bc6 26. b4 Nc4 27. Bxc4 dxc4 28. Rxc4 Be7 29. Qc3 Qd5 30. Nf4 Qb5 31. Nd3 g6 32. Nc5 Kf8 33. Qe3 Kg7 34. Ne4 Rge8 35. Nf6 Red8 36. Ng4 Rh8 37. h4 Qd5 38. b5 Qxb5 39. Qf4 Raf8 40. h5 g5 41. Qe3 Qd5 42. Nf6 Bxf6 43. exf6+ Kxf6 44. Qc3 Ke7 45. Qxa3+ Qd6 46. Qc3 Ra8 47. Ne5 Rhc8 48. Qc2 Qd5 49. f3 f5 50. Qb2 Rd8 51. Rxc6 bxc6 52. Qb7+ 1-0

[Event "BL2-West 0102"]
[Site "Germany"]
[Date "2002.02.24"]
[Round "6.5"]
[White "Molinaroli, Martin"]
[Black "Freckmann, Mark"]
[Result "0-1"]
[WhiteElo "2236"]
[BlackElo "2313"]
[PlyCount "74"]
[EventDate "2001.10.07"]
[EventType "team-tourn"]
[EventRounds "9"]
[EventCountry "GER"]
[SourceTitle "CBM 088 Extra"]
[Source "ChessBase"]
[SourceDate "2002.07.01"]
[SourceVersion "2"]
[SourceVersionDate "2002.07.01"]
[SourceQuality "1"]
[WhiteTeam "Muenster"]
[BlackTeam "Essen Borbeck"]
[WhiteTeamCountry "GER"]
[BlackTeamCountry "GER"]

1. Nf3 d5 2. d4 c6 3. c4 e6 4. Nc3 dxc4 5. a4 Bb4 6. e3 b5 7. Bd2 Bb7 8. Ne5 a6 9. Qg4 g6 10. Be2 Nd7 11. Bf3 Nxe5 12. dxe5 Qc7 13. axb5 cxb5 14. 0-0 Be7 15. Nxb5 axb5 16. Rxa8+ Bxa8 17. Bxa8 Nh6 18. Qe4 0-0 19. Ra1 Rb8 20. Bc3 Bc5 21. g4 b4 22. Be1 c3 23. bxc3 b3 24. h3 Kg7 25. Kg2 Ng8 26. Bc6 Ne7 27. Ba4 Qa5 28. c4 b2 29. Rd1 Qxa4 30. Rb1 Qb3 31. Qf4 Qc2 32. Qf6+ Kg8 33. e4 Qxb1 34. Bd2 Qxe4+ 35. Kg3 b1Q 36. Bh6 Nf5+ 37. gxf5 Qg1# 0-1

[Event "BL2-West 0102"]
[Site "Germany"]
[Date "2002.01.20"]
[Round "4.5"]
[White "Freckmann, Mark"]
[Black "Loifenfeld, Jakov"]
[Result "0-1"]
[WhiteElo "2313"]
[BlackElo "2397"]
[PlyCount "70"]
[EventDate "2001.10.07"]
[EventType "team-tourn"]
[EventRounds "9"]
[EventCountry "GER"]
[SourceTitle "CBM 088 Extra"]
[Source "ChessBase"]
[SourceDate "2002.07.01"]
[SourceVersion "2"]
[SourceVersionDate "2002.07.01"]
[SourceQuality "1"]
[WhiteTeam "Essen Borbeck"]
[BlackTeam "Koeln Porz II"]
[WhiteTeamCountry "GER"]
[BlackTeamCountry "GER"]

1. e4 Nf6 2. e5 Nd5 3. d4 d6 4. Nf3 g6 5. Bc4 c6 6. 0-0 Bg7 7. exd6 Qxd6 8. c3 0-0 9. Nbd2 Bg4 10. h3 Bxf3 11. Nxf3 Nd7 12. Bg5 b5 13. Bb3 a5 14. a3 e6 15. Qe2 c5 16. Bxd5 Qxd5 17. Qxb5 Rfb8 18. Qe2 cxd4 19. cxd4 Qb5 20. Qe4 h6 21. Be3 Nf6 22. Qh4 g5 23. Qg3 Ne4 24. Qh2 f5 25. Rad1 Qd5 26. Bc1 Rb7 27. Ne5 Rd8 28. Nf3 a4 29. Kh1 Rf7 30. Ne1 f4 31. Nf3 h5 32. Kg1 g4 33. hxg4 hxg4 34. Nh4 g3 35. fxg3 Bxd4+ 0-1

[Event "BL2-West 0102"]
[Site "Germany"]
[Date "2001.11.25"]
[Round "3.5"]
[White "Ahn, Martin"]
[Black "Freckmann, Mark"]
[Result "1/2-1/2"]
[WhiteElo "2340"]
[BlackElo "2313"]
[PlyCount "51"]
[EventDate "2001.10.07"]
[EventType "team-tourn"]
[EventRounds "9"]
[EventCountry "GER"]
[SourceTitle "CBM 088 Extra"]
[Source "ChessBase"]
[SourceDate "2002.07.01"]
[SourceVersion "2"]
[SourceVersionDate "2002.07.01"]
[SourceQuality "1"]
[WhiteTeam "Gelsenkirchen"]
[BlackTeam "Essen Borbeck"]
[WhiteTeamCountry "GER"]
[BlackTeamCountry "GER"]

1. e4 e6 2. d4 d5 3. Nc3 Nf6 4. exd5 exd5 5. Nf3 Bd6 6. Bd3 0-0 7. 0-0 Bg4 8. h3 Bh5 9. g4 Bg6 10. Bg5 c6 11. Ne5 Qb6 12. Bxf6 gxf6 13. Nf3 Qxb2 14. Ne2 Qb6 15. Nh4 Re8 16. Nf5 Bf8 17. Neg3 Nd7 18. Qf3 Qc7 19. h4 h6 20. Rae1 a6 21. Re3 c5 22. c3 cxd4 23. cxd4 Nb6 24. Nh5 Bh7 25. Rfe1 Rxe3 26. Qxe3 1/2-1/2

[Event "Oberliga NRW 0001 I"]
[Site "NRW"]
[Date "2001.02.04"]
[Round "6.5"]
[White "Freckmann, Mark"]
[Black "Vossen, Klaus"]
[Result "1/2-1/2"]
[WhiteElo "2315"]
[BlackElo "2054"]
[PlyCount "45"]
[EventDate "2000.09.24"]
[EventType "team"]
[EventRounds "9"]
[EventCountry "GER"]
[SourceTitle "EXT 2006"]
[Source "ChessBase"]
[SourceDate "2005.11.24"]
[SourceVersion "1"]
[SourceVersionDate "2005.11.24"]
[SourceQuality "1"]
[WhiteTeam "Essen Borbeck"]
[BlackTeam "Godesberg II"]
[WhiteTeamCountry "GER"]
[BlackTeamCountry "GER"]

1. Nf3 d5 2. d4 c6 3. c4 e6 4. Nc3 Nf6 5. Bg5 h6 6. Bxf6 Qxf6 7. e4 dxe4 8. Nxe4 Bb4+ 9. Ke2 Qd8 10. Qb3 Be7 11. g3 0-0 12. Bg2 Qb6 13. Rhd1 Qxb3 14. axb3 Na6 15. Ne5 Nb4 16. Ra4 Rd8 17. c5 Nd5 18. Nc4 a6 19. Na5 Rb8 20. Nc3 Bd7 21. Be4 b6 22. cxb6 Rxb6 23. Rc1 1/2-1/2

[Event "Oberliga NRW 9900 I"]
[Site "Germany"]
[Date "2000.02.09"]
[Round "5.5"]
[White "Petersen, Carsten"]
[Black "Freckmann, Mark"]
[Result "1/2-1/2"]
[WhiteElo "1884"]
[BlackElo "2315"]
[PlyCount "88"]
[EventDate "1999.10.26"]
[EventType "team"]
[EventRounds "9"]
[EventCountry "GER"]
[SourceTitle "EXT 2001"]
[Source "ChessBase"]
[SourceDate "2000.11.22"]
[SourceVersion "1"]
[SourceVersionDate "2000.11.22"]
[SourceQuality "1"]
[WhiteTeam "Enger Spenge"]
[BlackTeam "Essen Borbeck"]
[WhiteTeamCountry "GER"]
[BlackTeamCountry "GER"]

1. d4 d5 2. c4 e6 3. Nc3 c6 4. cxd5 exd5 5. Bf4 Bf5 6. Qb3 Qb6 7. Qxb6 axb6 8. Nf3 Be7 9. e3 Nd7 10. Be2 Ngf6 11. 0-0 0-0 12. h3 h6 13. Rfd1 b5 14. a3 Ra7 15. Rac1 Nb6 16. Nd2 Nc4 17. Nxc4 bxc4 18. f3 b5 19. Kf2 Re8 20. g4 Bg6 21. h4 Nd7 22. Rh1 Nf8 23. e4 dxe4 24. fxe4 Bd8 25. Bf3 Bb6 26. Be3 Rd7 27. Rhd1 Ne6 28. d5 Bxe3+ 29. Kxe3 cxd5 30. Rxd5 Rxd5 31. Nxd5 Nc5 32. Nc3 h5 33. gxh5 Bxe4 34. Bxe4 Nxe4 35. Nxe4 f5 36. Rd1 Rxe4+ 37. Kf3 Rxh4 38. Rd5 Rxh5 39. Rxb5 Rh2 40. a4 Kh7 41. a5 Kg6 42. a6 Rh8 43. Kf4 Rh4+ 44. Kf3 Rh8 1/2-1/2

[Event "Oberliga NRW 9900 I"]
[Site "Germany"]
[Date "2000.01.19"]
[Round "4.5"]
[White "Freckmann, Mark"]
[Black "Kroeger, Fabian"]
[Result "1-0"]
[WhiteElo "2315"]
[BlackElo "2185"]
[PlyCount "131"]
[EventDate "1999.10.26"]
[EventType "team"]
[EventRounds "9"]
[EventCountry "GER"]
[SourceTitle "EXT 2001"]
[Source "ChessBase"]
[SourceDate "2000.11.22"]
[SourceVersion "1"]
[SourceVersionDate "2000.11.22"]
[SourceQuality "1"]
[WhiteTeam "Essen Borbeck"]
[BlackTeam "Neuenkirchen"]
[WhiteTeamCountry "GER"]
[BlackTeamCountry "GER"]

1. e4 c5 2. d4 cxd4 3. c3 dxc3 4. Nxc3 d6 5. Nf3 a6 6. Bc4 Nc6 7. 0-0 Nf6 8. Bg5 Bg4 9. Qb3 e6 10. Qxb7 Na5 11. Qb4 Bxf3 12. Qa4+ Ke7 13. gxf3 Nxc4 14. Qxc4 Qc8 15. Qd3 h6 16. Be3 Nd7 17. Bf4 Ne5 18. Bxe5 dxe5 19. Rac1 Qb7 20. Rfd1 Kf6 21. Na4 Qb5 22. Qd7 Be7 23. Rc7 Rhe8 24. Qxb5 axb5 25. Nb6 Rxa2 26. Rdd7 g6 27. h4 Rxb2 28. Nc8 Rxc8 29. Rxc8 g5 30. Rcc7 Bb4 31. Rxf7+ Kg6 32. Rg7+ Kh5 33. hxg5 Be1 34. gxh6 Bxf2+ 35. Kf1 Kxh6 36. Rg2 Bd4 37. Rxb2 Bxb2 38. Rb7 Kg5 39. Rxb5 Bd4 40. Kg2 Kf4 41. Ra5 Kg5 42. Ra6 Kf6 43. Kh3 Be3 44. Kg4 Bf4 45. Kh5 Be3 46. Kg4 Ke7 47. Kg3 Bd2 48. Kf2 Bb4 49. Ke2 Bc5 50. Kd3 Kd7 51. Kc4 Be3 52. Kb5 Bd4 53. Ra8 Be3 54. Rg8 Bd4 55. Rg6 Bf2 56. Ka6 Bc5 57. Kb7 Bf8 58. Rg8 Bh6 59. Rh8 Bg5 60. Rh7+ Be7 61. Rxe7+ Kxe7 62. Kc7 Kf7 63. Kd7 Kf6 64. Kd6 Kf7 65. Kxe5 Ke7 66. f4 1-0

[Event "Oster op"]
[Site "Essen Borbeck"]
[Date "1999.04.04"]
[Round "9"]
[White "Freckmann, Mark"]
[Black "Seiler, Andreas"]
[Result "1/2-1/2"]
[WhiteElo "2315"]
[BlackElo "2182"]
[PlyCount "88"]
[EventDate "1999.03.??"]
[EventType "swiss"]
[EventRounds "9"]
[EventCountry "GER"]
[SourceTitle "EXT 2001"]
[Source "ChessBase"]
[SourceDate "2000.11.22"]
[SourceVersion "1"]
[SourceVersionDate "2000.11.22"]
[SourceQuality "1"]

1. e4 c5 2. d4 cxd4 3. c3 dxc3 4. Nxc3 Nc6 5. Nf3 e6 6. Bc4 Qc7 7. 0-0 Nf6 8. Nb5 Qb8 9. e5 Nxe5 10. Nxe5 Qxe5 11. g3 Qc5 12. Qa4 Be7 13. Be3 Qh5 14. Nc7+ Kf8 15. Nxa8 Ng4 16. h4 Nxe3 17. fxe3 Qe5 18. Rf3 Bc5 19. Raf1 f6 20. Bd3 Ke7 21. Qg4 Kf7 22. Kh2 b5 23. h5 Be7 24. R3f2 Bb7 25. Nc7 Qxc7 26. Be4 d5 27. Rc2 Qe5 28. Bf3 Bd6 29. Bg2 a6 30. Bh3 g6 31. Rcf2 Be7 32. h6 Rc8 33. Qd1 Rc4 34. b3 Rc3 35. Rf3 Rxe3 36. Rxe3 Qxe3 37. Rf3 Qxh6 38. Qe2 e5 39. Qxe5 Qd2+ 40. Bg2 d4 41. Qf4 Qxf4 42. Rxf4 Bxg2 43. Kxg2 Bc5 44. b4 Bxb4 1/2-1/2

[Event "Oberliga NRW 9899 I"]
[Site "Germany"]
[Date "1999.01.20"]
[Round "5.5"]
[White "Grinis, Yevgen"]
[Black "Freckmann, Mark"]
[Result "1-0"]
[WhiteElo "2207"]
[BlackElo "2270"]
[PlyCount "97"]
[EventDate "1998.10.10"]
[EventType "team"]
[EventRounds "9"]
[EventCountry "GER"]
[SourceTitle "EXT 2000"]
[Source "ChessBase"]
[SourceDate "1999.11.16"]
[SourceVersion "1"]
[SourceVersionDate "1999.11.16"]
[SourceQuality "1"]
[WhiteTeam "Duesseldorf"]
[BlackTeam "Essen Borbeck"]
[WhiteTeamCountry "GER"]
[BlackTeamCountry "GER"]

1. d4 d5 2. c4 e6 3. g3 c6 4. Qc2 f5 5. Bg2 Nf6 6. Nh3 Be7 7. 0-0 0-0 8. Nd2 Bd7 9. Nf3 Na6 10. a3 Nc7 11. Nf4 Be8 12. Nd3 Ne4 13. Nfe5 Nd6 14. c5 Nf7 15. Nxf7 Bxf7 16. Bf4 Bf6 17. e3 g5 18. Bd6 Be7 19. Bxe7 Qxe7 20. f3 Rad8 21. Ne5 Be8 22. f4 g4 23. h3 gxh3 24. Bf3 Rf6 25. Kf2 Rh6 26. Rh1 Kh8 27. Rh2 Qg7 28. Qe2 Bg6 29. Rah1 Ne8 30. Rxh3 Rxh3 31. Rxh3 Nf6 32. b4 a6 33. a4 Rg8 34. Ke1 Be8 35. Kd2 Qc7 36. Rh6 Kg7 37. Qh2 a5 38. Qh4 Qe7 39. Qg5+ Bg6 40. Nxg6 Ne4+ 41. Bxe4 Qxg5 42. fxg5 hxg6 43. Bf3 axb4 44. Bd1 Rb8 45. Kc2 b6 46. cxb6 Rxb6 47. Kb3 e5 48. a5 Rb5 49. Ka4 1-0

[Event "Oster op"]
[Site "Essen Borbeck"]
[Date "1999.??.??"]
[Round "5"]
[White "Zaragatski, Ilja"]
[Black "Freckmann, Mark"]
[Result "1-0"]
[WhiteElo "2135"]
[BlackElo "2315"]
[PlyCount "73"]
[EventDate "1999.03.??"]
[EventType "swiss"]
[EventRounds "9"]
[EventCountry "GER"]
[SourceTitle "EXT 2001"]
[Source "ChessBase"]
[SourceDate "2000.11.22"]
[SourceVersion "1"]
[SourceVersionDate "2000.11.22"]
[SourceQuality "1"]

1. e4 e6 2. d4 d5 3. Nd2 Nf6 4. e5 Nfd7 5. Bd3 c5 6. c3 Nc6 7. Ne2 cxd4 8. cxd4 Nb6 9. 0-0 Bd7 10. Nf3 h6 11. b3 a5 12. Bb2 a4 13. Nf4 Nb4 14. Ng6 Nxd3 15. Qxd3 Rg8 16. Nxf8 Rxf8 17. Qh7 Qe7 18. Qxg7 0-0-0 19. Qxh6 Kb8 20. Qd2 Nc8 21. Rfc1 Na7 22. Qa5 Nc6 23. Qc5 Qxc5 24. Rxc5 b6 25. Rc3 Rg8 26. Ba3 Rg4 27. Rd1 Kb7 28. h3 Re4 29. Re3 axb3 30. axb3 Ra8 31. Bd6 Rxe3 32. fxe3 Na5 33. Rc1 Rc8 34. Rxc8 Kxc8 35. h4 Nxb3 36. h5 Bb5 37. Ne1 1-0

[Event "Oberliga NRW 9899 I"]
[Site "Germany"]
[Date "1998.??.??"]
[Round "2.6"]
[White "Freckmann, Mark"]
[Black "Schmidt, Bodo"]
[Result "0-1"]
[WhiteElo "2270"]
[BlackElo "2345"]
[PlyCount "126"]
[EventDate "1998.10.10"]
[EventType "team"]
[EventRounds "9"]
[EventCountry "GER"]
[SourceTitle "EXT 2000"]
[Source "ChessBase"]
[SourceDate "1999.11.16"]
[SourceVersion "1"]
[SourceVersionDate "1999.11.16"]
[SourceQuality "1"]
[WhiteTeam "Essen Borbeck"]
[BlackTeam "Godesberg II"]
[WhiteTeamCountry "GER"]
[BlackTeamCountry "GER"]

1. e4 e6 2. d4 d5 3. e5 c5 4. Nf3 Nc6 5. Bd3 Nxd4 6. Nxd4 cxd4 7. 0-0 Ne7 8. Bf4 Qb6 9. Nd2 Qxb2 10. Nf3 Nc6 11. Ng5 h6 12. Nh7 Rxh7 13. Bxh7 g6 14. Qd3 Qa3 15. Bxg6 fxg6 16. Qxg6+ Kd7 17. Rfe1 b6 18. Bxh6 Bxh6 19. Qxh6 Ba6 20. Rad1 Qe7 21. f4 Qf7 22. Qh3 Bc4 23. Rd2 Qf5 24. Qa3 Qf8 25. Qh3 Qb4 26. Red1 Rf8 27. Rf2 Ne7 28. g4 Qc3 29. Qxc3 dxc3 30. Kg2 Nc6 31. a3 d4 32. Kg3 Bd5 33. Re2 b5 34. h4 a5 35. h5 b4 36. axb4 axb4 37. h6 b3 38. cxb3 Bxb3 39. Rc1 d3 40. Re3 d2 41. Rd3+ Kc7 42. Ra1 Rd8 43. Rxc3 d1Q 44. Rxd1 Bxd1 45. Kh4 Rh8 46. g5 Be2 47. f5 exf5 48. g6 Rxh6+ 49. Kg5 Rh1 50. Kxf5 Rg1 51. Kf6 Bh5 52. g7 Rg6+ 53. Kf7 Rd6+ 54. Kg8 Rd8+ 55. Kh7 Bf7 56. Rf3 Bg8+ 57. Kh8 Ne7 58. Rf6 Bb3+ 59. Kh7 Bc2+ 60. Kh6 Ng8+ 61. Kg5 Nxf6 62. exf6 Bb3 63. Kg6 Rd6 0-1

[Event "Oberliga NRW 9798 II"]
[Site "Germany"]
[Date "1997.??.??"]
[Round "4.2"]
[White "Freckmann, Mark"]
[Black "Hommeles, Theo"]
[Result "1-0"]
[WhiteElo "2270"]
[BlackElo "2335"]
[PlyCount "147"]
[EventDate "1997.10.??"]
[EventType "team"]
[EventRounds "9"]
[EventCountry "GER"]
[SourceTitle "EXT 1999"]
[Source "ChessBase"]
[SourceDate "1998.11.16"]
[SourceVersion "1"]
[SourceVersionDate "1998.11.16"]
[SourceQuality "1"]
[WhiteTeam "Neheim"]
[BlackTeam "Neu Herne"]
[WhiteTeamCountry "GER"]
[BlackTeamCountry "GER"]

1. Nf3 g6 2. d4 Bg7 3. e4 d6 4. c4 e5 5. Nc3 exd4 6. Nxd4 Nc6 7. Be3 Nge7 8. Be2 0-0 9. 0-0 f5 10. exf5 Bxd4 11. Bxd4 Nxf5 12. Be3 Nxe3 13. fxe3 Be6 14. Qd2 Qg5 15. Nb5 Qe7 16. b3 a6 17. Nd4 Bd7 18. Bf3 Rae8 19. Rae1 Qg5 20. Bd5+ Kg7 21. Rxf8 Rxf8 22. Be6 Qe7 23. Bxd7 Qxd7 24. Nxc6 Qxc6 25. Qd4+ Kg8 26. h3 Rf5 27. Rf1 Re5 28. Rf3 b6 29. Kf2 Qe8 30. Rf4 Qe7 31. Rf3 Ra5 32. a4 Re5 33. Qg4 Qe8 34. Qd4 Qe6 35. Qh4 Qe7 36. Qg4 Qe8 37. Qd4 a5 38. Rf4 Qe6 39. Rf3 Re4 40. Qf6 Qe7 41. Qxe7 Rxe7 42. Ke2 Re5 43. Kd3 h5 44. g3 Kg7 45. Kd4 Rg5 46. h4 Re5 47. Rf4 g5 48. Re4 Rxe4+ 49. Kxe4 Kf6 50. Kd5 gxh4 51. gxh4 Kf5 52. Kc6 Kg4 53. Kxc7 Kxh4 54. Kxd6 Kg3 55. e4 h4 56. e5 h3 57. e6 h2 58. e7 h1Q 59. e8Q Qd1+ 60. Kc7 Qxb3 61. Qb5 Qe3 62. Kb7 Qe7+ 63. Kxb6 Qd8+ 64. Ka7 Kf4 65. c5 Qc7+ 66. Ka6 Ke5 67. Qb6 Qc8+ 68. Kxa5 Kd5 69. Qd6+ Kc4 70. Kb6 Qe8 71. c6 Qe3+ 72. Ka6 Kb3 73. c7 Qe8 74. Kb7 1-0

[Event "Oberliga NRW 9798 II"]
[Site "Germany"]
[Date "1997.??.??"]
[Round "3.2"]
[White "Koch, Wolfgang Max"]
[Black "Freckmann, Mark"]
[Result "1/2-1/2"]
[WhiteElo "2315"]
[BlackElo "2270"]
[PlyCount "113"]
[EventDate "1997.10.??"]
[EventType "team"]
[EventRounds "9"]
[EventCountry "GER"]
[SourceTitle "EXT 1999"]
[Source "ChessBase"]
[SourceDate "1998.11.16"]
[SourceVersion "1"]
[SourceVersionDate "1998.11.16"]
[SourceQuality "1"]
[WhiteTeam "Duesseldorf"]
[BlackTeam "Neheim"]
[WhiteTeamCountry "GER"]
[BlackTeamCountry "GER"]

1. d4 e6 2. c4 d5 3. Nc3 c6 4. cxd5 exd5 5. Bf4 Nf6 6. e3 Bf5 7. Nge2 Bd6 8. Ng3 Bg4 9. Be2 Bxe2 10. Ngxe2 0-0 11. 0-0 Re8 12. Rb1 Bxf4 13. Nxf4 Nbd7 14. b4 Ne4 15. Qd3 Ndf6 16. f3 Nxc3 17. Qxc3 a6 18. Rfe1 Qd6 19. a4 h6 20. Qc5 Qd8 21. Qc2 Re7 22. a5 Qc7 23. Re2 Rae8 24. Rbe1 Qd6 25. Qc5 Qd8 26. Qc3 Nh7 27. Nd3 Nf8 28. Nc5 Ne6 29. Qd2 Qd6 30. Nd3 Kh7 31. Ne5 Nf8 32. Qc2+ g6 33. Qc5 Qd8 34. Qc1 h5 35. Qc2 f6 36. Nd3 Ne6 37. Qd2 Qd6 38. Nc5 Rf8 39. Kh1 Rfe8 40. Kg1 Kg7 41. Nxe6+ Rxe6 42. e4 dxe4 43. Rxe4 Rxe4 44. fxe4 f5 45. e5 Qd5 46. Kh1 Re7 47. h3 Qe6 48. Rd1 Rd7 49. Qc3 Rd5 50. Rd2 Qe7 51. Re2 Qe6 52. Qe3 Rb5 53. Qc3 Kf7 54. Rb2 Kg7 55. Rb1 Rd5 56. Rb2 Rd7 57. Re2 1/2-1/2